000 00530nam a2200193Ia 4500
005 20250326143202.0
008 250326s9999 xx 000 0 und d
020 _a0-19-877366-8
037 _aTextbook
040 _aFMSL
_beng
_cFMSL
041 _aeng
_2eng
084 _aX:89ZB P3
_qFMSL
100 _aBell C
_998256
245 0 _aDevelopment policy as public fice
_cBell C
260 _aNew York
_bNew York, Oxford University
_c2003
300 _a475p
942 _cTB
_hX:89ZB P3
999 _c1298495
_d1298495